[Event "XXVI Festival Conca della Presolana A"]
[Site "Bratto - Castione della Presolana ITA"]
[Date "2006.08.27"]
[Round "9"]
[White "Rombaldoni, Axel"]
[Black "Mazzilli, Piero"]
[Result "1-0"]
[WhiteElo "2169"]
[BlackElo "2310"]
[PlyCount "51"]
[EventDate "2006.08.19"]

1. e4 c5 2. Nf3 d6 3. d4 cxd4 4. Nxd4 Nf6 5. Nc3 a6 6. Be3 e6 7. Be2 Nbd7 8. f4
Be7 9. O-O O-O 10. Kh1 Qc7 11. Bf3 Re8 12. Qe1 Nc5 13. g4 e5 14. Nf5 Bxf5 15.
exf5 Bf8 16. Bxc5 Qxc5 17. fxe5 Rxe5 18. Qg3 Rae8 19. Rae1 Qb4 20. Rxe5 Rxe5
21. g5 Nd7 22. Bd5 Qxb2 23. Qh3 Qxc2 24. Bb3 Qd2 25. f6 Rxg5 26. Ne4 1-0

[Event "XXVI Festival Conca della Presolana A"]
[Site "Bratto - Castione della Presolana ITA"]
[Date "2006.08.27"]
[Round "9"]
[White "Rosin, Federico"]
[Black "Ranieri, Fabrizio"]
[Result "0-1"]
[WhiteElo "2135"]
[BlackElo "2227"]
[PlyCount "120"]
[EventDate "2006.08.19"]

1. e4 e6 2. d3 d5 3. Nd2 c5 4. Ngf3 Nc6 5. g3 Nf6 6. Bg2 Be7 7. O-O Qc7 8. Re1
b6 9. e5 Nd7 10. Qe2 g5 11. h3 h5 12. g4 hxg4 13. hxg4 Bb7 14. Nf1 O-O-O 15.
Ng3 Rdg8 16. c3 d4 17. cxd4 Kb8 18. Be3 cxd4 19. Bxd4 Rh4 20. Rac1 Rxg4 21. Be3
f5 22. exf6 Bxf6 23. Kf1 Qd6 24. Ne4 Qb4 25. Bd2 Qxb2 26. Bh3 Rxe4 27. dxe4 g4
28. Bf4+ Ka8 29. Qxb2 Bxb2 30. Rc2 gxf3 31. Bxe6 Ba6+ 32. Bc4 Nd4 33. Bxa6 Nxc2
34. Rd1 Rh8 35. Kg1 Be5 36. Bxe5 Nxe5 37. Rd2 Rg8+ 38. Kh1 Nb4 39. Bb5 Nbd3 40.
Bxd3 Rd8 41. Kh2 Rxd3 42. Rxd3 Nxd3 43. Kg3 Kb7 44. Kxf3 Kc7 45. Ke3 Nc1 46. a3
Kd6 47. f4 Nb3 48. Kd3 Nc5+ 49. Kd4 Ne6+ 50. Ke3 Nc7 51. Kd3 b5 52. Kc3 a5 53.
Kd3 Ne6 54. f5 Nd8 55. Kc3 Ke5 56. Kd3 Nf7 57. Ke3 Nd6 58. f6 Kxf6 59. Kd4 Ke6
60. Kc5 Ke5 0-1

[Event "XXVI Festival Conca della Presolana A"]
[Site "Bratto - Castione della Presolana ITA"]
[Date "2006.08.27"]
[Round "9"]
[White "Sala, Sergio"]
[Black "Djabri, Zafer M."]
[Result "1/2-1/2"]
[WhiteElo "1902"]
[BlackElo "2059"]
[PlyCount "83"]
[EventDate "2006.08.19"]

1. e4 c5 2. Nf3 Nc6 3. g3 g6 4. Bg2 Bg7 5. d3 d6 6. c3 e5 7. Na3 Nge7 8. O-O
O-O 9. Ne1 Be6 10. f4 exf4 11. Bxf4 d5 12. Qe2 dxe4 13. dxe4 Ne5 14. Nf3 N7c6
15. Nxe5 Nxe5 16. Bxe5 Bxe5 17. Nc4 Qc7 18. Ne3 Rae8 19. Qc2 Re7 20. Nd5 Bxd5
21. exd5 Rfe8 22. Rad1 Qd6 23. Kh1 h5 24. Rd2 Kg7 25. Bf3 Rh8 26. Rg2 h4 27. g4
Bf4 28. Re2 Rhe8 29. Rfe1 c4 30. Rxe7 Rxe7 31. Rxe7 Qxe7 32. Qe4 Qc7 33. Qe2 b5
34. Qf2 g5 35. Be4 a5 36. Qd4+ f6 37. Bc2 Qe5 38. Qxe5 Bxe5 39. h3 b4 40. cxb4
axb4 41. b3 c3 42. Kg2 1/2-1/2

[Event "XXVI Festival Conca della Presolana A"]
[Site "Bratto - Castione della Presolana ITA"]
[Date "2006.08.27"]
[Round "9"]
[White "Salmoiraghi, Angelo"]
[Black "Astengo, Marcello"]
[Result "0-1"]
[WhiteElo "2015"]
[BlackElo "2109"]
[PlyCount "78"]
[EventDate "2006.08.19"]

1. d4 d5 2. c4 c6 3. Nc3 e6 4. cxd5 exd5 5. e3 Nf6 6. Bd3 Bd6 7. Nge2 O-O 8.
Ng3 Re8 9. O-O Ng4 10. h3 Bxg3 11. hxg4 Bc7 12. Qf3 Nd7 13. g3 Nf6 14. Bf5 Be6
15. Kg2 Qd7 16. Bxe6 Qxe6 17. g5 Nd7 18. Qh5 Rad8 19. Rh1 Nf8 20. b4 Qf5 21.
Bb2 g6 22. Qh4 Rd7 23. Rae1 Bd8 24. f4 Rde7 25. Kf2 Qd3 26. Nd1 Qd2+ 27. Re2
Qxb4 28. g4 Re4 29. Nc3 Rxe3 30. Rxe3 Qxb2+ 31. Re2 Rxe2+ 32. Nxe2 Bb6 33. Rd1
c5 34. f5 cxd4 35. Rd3 Qc2 36. Qh3 Nd7 37. f6 Ne5 38. Qg3 Nxd3+ 39. Kf3 Bc7 0-1

[Event "XXVI Festival Conca della Presolana A"]
[Site "Bratto - Castione della Presolana ITA"]
[Date "2006.08.27"]
[Round "9"]
[White "Shytaj, Luca"]
[Black "Guido, Flavio"]
[Result "1-0"]
[WhiteElo "2433"]
[BlackElo "2323"]
[PlyCount "91"]
[EventDate "2006.08.19"]

1. e4 c5 2. Nf3 e6 3. d4 cxd4 4. Nxd4 Nc6 5. Nc3 d6 6. Be3 Nf6 7. Qd2 Be7 8. f3
O-O 9. g4 a6 10. O-O-O Nd7 11. Kb1 Nde5 12. Qg2 Nxd4 13. Bxd4 Nc6 14. Be3 b5
15. h4 Qa5 16. g5 b4 17. Ne2 d5 18. exd5 b3 19. Nc1 Nb4 20. axb3 exd5 21. Bd2
Bf5 22. Bxb4 Bxb4 23. Bd3 Bd7 24. Na2 Bc5 25. f4 Bc6 26. f5 f6 27. Be2 Rae8 28.
Bf3 Kh8 29. Bxd5 Bd7 30. Bc6 Bxf5 31. Bxe8 Rxe8 32. gxf6 gxf6 33. b4 Bxb4 34.
Nxb4 Qxb4 35. Rhg1 Bg6 36. Qf2 Re6 37. h5 Rb6 38. Qd4 Be8 39. Qxb4 Rxb4 40. Rd8
Re4 41. h6 a5 42. Kc1 a4 43. Kd2 Re7 44. Re1 Rd7+ 45. Rxd7 Bxd7 46. Re7 1-0

[Event "XXVI Festival Conca della Presolana A"]
[Site "Bratto - Castione della Presolana ITA"]
[Date "2006.08.27"]
[Round "9"]
[White "Stips, Felix"]
[Black "Mazzariol, Oscar"]
[Result "1-0"]
[WhiteElo "1874"]
[BlackElo "2066"]
[PlyCount "53"]
[EventDate "2006.08.19"]

1. e4 c5 2. Nf3 Nc6 3. d4 cxd4 4. Nxd4 g6 5. Nc3 Bg7 6. Be3 Nf6 7. Bc4 O-O 8.
Bb3 d6 9. f3 Nd7 10. h4 h5 11. g4 hxg4 12. h5 gxh5 13. Nf5 Nde5 14. Rxh5 Nxf3+
15. Kf2 Bxf5 16. exf5 Ncd4 17. Kg3 e6 18. Kxg4 exf5+ 19. Kg3 Qf6 20. Qh1 Qg6+
21. Kf2 Rfe8 22. Rd1 Re7 23. Bxd4 Bxd4+ 24. Rxd4 Nxd4 25. Rh8+ Kg7 26. Rxa8 Kf6
27. Nd5+ 1-0

[Event "XXVI Festival Conca della Presolana A"]
[Site "Bratto - Castione della Presolana ITA"]
[Date "2006.08.27"]
[Round "9"]
[White "Temi, Walter"]
[Black "Isonzo, David"]
[Result "0-1"]
[WhiteElo "2105"]
[BlackElo "2361"]
[PlyCount "80"]
[EventDate "2006.08.19"]

1. e4 c5 2. Nf3 e6 3. c3 Nf6 4. e5 Nd5 5. d4 cxd4 6. cxd4 d6 7. Nc3 Nxc3 8.
bxc3 Qc7 9. Bd2 Nd7 10. exd6 Bxd6 11. Bd3 b6 12. O-O Bb7 13. Re1 O-O 14. Ne5
Nxe5 15. dxe5 Bc5 16. Qh5 g6 17. Qh3 f5 18. exf6 Rxf6 19. Re2 Qf7 20. Rf1 Rd8
21. Bg5 Rf3 22. gxf3 Rxd3 23. Qxe6 Bxf3 24. Qxf7+ Kxf7 25. Rd2 Rxc3 26. Rd7+
Ke6 27. Rxa7 Rc4 28. h3 h6 29. Re1+ Kd5 30. Be3 Rh4 31. Rf7 Rxh3 32. Rxf3 Rxf3
33. Rd1+ Kc6 34. Bxc5 bxc5 35. Kg2 Ra3 36. Rd2 c4 37. f3 c3 38. Rc2 Kd5 39. Kf2
Kd4 40. Ke2 g5 0-1

[Event "XXVI Festival Conca della Presolana A"]
[Site "Bratto - Castione della Presolana ITA"]
[Date "2006.08.27"]
[Round "9"]
[White "Tramalloni, Luca"]
[Black "Sardo, Gabriele"]
[Result "0-1"]
[WhiteElo "2114"]
[BlackElo "2190"]
[PlyCount "92"]
[EventDate "2006.08.19"]

1. d4 d5 2. c4 c6 3. Nf3 Nf6 4. e3 e6 5. Be2 Nbd7 6. O-O Bd6 7. Nc3 O-O 8. Qc2
dxc4 9. Bxc4 Qe7 10. Ne4 Nxe4 11. Qxe4 e5 12. dxe5 Nxe5 13. Nxe5 Bxe5 14. f4
Bf6 15. Qxe7 Bxe7 16. Kf2 Rd8 17. Kf3 b6 18. e4 Bb7 19. Be3 b5 20. Bb3 c5 21.
g4 g6 22. g5 c4 23. Bc2 f5 24. gxf6 Bxf6 25. Rab1 a5 26. Rfd1 Rxd1 27. Bxd1 a4
28. Bc2 b4 29. Kf2 b3 30. axb3 axb3 31. Bd1 Bxe4 32. Rc1 Bd3 33. Be2 Bxe2 34.
Kxe2 c3 35. bxc3 b2 36. Rb1 Bxc3 37. Kd3 Ra1 38. Kc2 Kf7 39. Bf2 Ke6 40. Rxb2
Bxb2 41. Kxb2 Rd1 42. Kc2 Rd5 43. Kc3 Kf5 44. Bg3 Ke4 45. Kc4 Rd3 46. Bh4 Rh3
0-1

[Event "XXVI Festival Conca della Presolana A"]
[Site "Bratto - Castione della Presolana ITA"]
[Date "2006.08.27"]
[Round "9"]
[White "Vezzosi, Paolo"]
[Black "Tomba, Ivan"]
[Result "1-0"]
[WhiteElo "2356"]
[BlackElo "2227"]
[PlyCount "77"]
[EventDate "2006.08.19"]

1. d4 d5 2. Nf3 c6 3. e3 Nf6 4. c4 Bg4 5. Qb3 Qb6 6. Nc3 e6 7. Be2 Nbd7 8. O-O
Be7 9. Bd2 O-O 10. h3 Bxf3 11. gxf3 dxc4 12. Bxc4 Nd5 13. Rfd1 Bf6 14. Ne4 Be7
15. Rac1 Qxb3 16. Bxb3 Rac8 17. Kf1 e5 18. Bxd5 cxd5 19. Nc3 Nb6 20. dxe5 Rfd8
21. Ne2 Nc4 22. Bc3 Bc5 23. Rd3 b5 24. b3 Nb6 25. Ba5 g5 26. f4 h6 27. Rdc3 Ba3
28. Rxc8 Rxc8 29. Rxc8+ Nxc8 30. Nc3 gxf4 31. exf4 Ne7 32. Nxb5 Bc1 33. Nxa7 d4
34. Bb6 d3 35. Be3 Bxe3 36. fxe3 Nd5 37. Ke1 Nxe3 38. Kd2 Nd5 39. f5 1-0

[Event "XIV C.to Italiano U20"]
[Site "Bratto - Castione della Presolana ITA"]
[Date "2006.08.19"]
[Round "1"]
[White "Bernardini, Luca"]
[Black "Lapiccirella, Daniele"]
[Result "0-1"]
[WhiteElo "1826"]
[BlackElo "2146"]
[PlyCount "80"]
[EventDate "2006.08.19"]

1. e4 c5 2. Nc3 e6 3. g3 d5 4. exd5 exd5 5. d4 Be6 6. Nge2 Nc6 7. Bg2 cxd4 8.
Nxd4 Bb4 9. Nde2 Nge7 10. O-O Qd7 11. a3 Ba5 12. b4 Bc7 13. Bf4 Ne5 14. Nd4 O-O
15. Re1 N7g6 16. Nxe6 fxe6 17. Be3 Kh8 18. f4 Nc4 19. Bc5 Bd6 20. Bxd6 Qxd6 21.
Qd3 a5 22. Reb1 axb4 23. Rxb4 Qc5+ 24. Kh1 Qxb4 25. axb4 Rxa1+ 26. Bf1 Nxf4 27.
gxf4 Rxf4 28. Kg2 Raxf1 29. Nb5 R1f2+ 30. Kg1 R4f3 31. Qd4 Rf1+ 32. Kg2 e5 33.
Qc5 Ne3+ 34. Qxe3 Rxe3 35. Kxf1 Rh3 36. Kg2 Rh6 37. c3 Kg8 38. Nc7 Rd6 39. Nb5
Rc6 40. Kf3 Kf7 0-1

[Event "XIV C.to Italiano U20"]
[Site "Bratto - Castione della Presolana ITA"]
[Date "2006.08.19"]
[Round "1"]
[White "Bonafede, Alessandro"]
[Black "Gallucci, Alessio"]
[Result "1-0"]
[WhiteElo "2175"]
[BlackElo "1840"]
[PlyCount "91"]
[EventDate "2006.08.19"]

1. e4 c5 2. Nf3 Nc6 3. d4 cxd4 4. Nxd4 Nf6 5. Nc3 e5 6. Ndb5 d6 7. Bg5 a6 8.
Na3 b5 9. Bxf6 gxf6 10. Nd5 Bg7 11. c3 O-O 12. Nc2 f5 13. exf5 Bxf5 14. Nce3
Be6 15. Bd3 f5 16. O-O e4 17. Bc2 f4 18. Bxe4 fxe3 19. Qh5 exf2+ 20. Kh1 h6 21.
Qg6 Rf7 22. Qxe6 Qe8 23. Qxe8+ Rxe8 24. Bg6 Re2 25. Bxf7+ Kxf7 26. Nf4 Rxb2 27.
Nd3 Rc2 28. Nxf2 Ke6 29. Rfe1+ Be5 30. Ne4 b4 31. Rac1 Rxa2 32. cxb4 Nxb4 33.
Rcd1 Nd5 34. Rd3 Rc2 35. Rh3 Nf4 36. Rxh6+ Kd5 37. Nf6+ Kc4 38. Ng4 Kd4 39.
Nxe5 dxe5 40. Rd6+ Kc5 41. Rxa6 Nd3 42. Rea1 e4 43. R6a2 Rc3 44. g3 Kd4 45. Re2
e3 46. Ra4+ 1-0

[Event "XIV C.to Italiano U20"]
[Site "Bratto - Castione della Presolana ITA"]
[Date "2006.08.19"]
[Round "1"]
[White "Boscolo, Marco"]
[Black "Marazzi, Dominic"]
[Result "0-1"]
[WhiteElo "2041"]
[BlackElo "1679"]
[PlyCount "118"]
[EventDate "2006.08.19"]

1. e4 c5 2. Nf3 Nc6 3. d4 cxd4 4. Nxd4 Nf6 5. Nc3 Qc7 6. Be3 e6 7. f3 a6 8. Qd2
Be7 9. g4 h6 10. O-O-O b5 11. Kb1 Qa5 12. Nb3 Qc7 13. Bf4 e5 14. Be3 Na5 15.
Nd5 Nxd5 16. exd5 Nxb3 17. cxb3 d6 18. Bd3 Qb8 19. h4 Bd8 20. g5 h5 21. f4 Bb6
22. fxe5 dxe5 23. Rde1 Bc7 24. Bc5 Bd6 25. Qb4 Bxc5 26. Qxc5 Ra7 27. d6 O-O 28.
Rxe5 Rd7 29. Rd1 g6 30. Bf1 Rfd8 31. Red5 Bb7 32. R5d4 Rc8 33. Qb4 Bf3 34. R1d2
Qb7 35. Bh3 a5 36. Bxd7 axb4 37. Bxc8 Qxc8 38. d7 Qd8 39. Ka1 Kg7 40. Rf2 Bg4
41. Rf1 Kf8 42. Re1 Be6 43. a3 Kg7 44. Ka2 bxa3 45. bxa3 Qc7 46. Rd2 Qc3 47.
d8=Q Qxb3+ 48. Ka1 Qxa3+ 49. Kb1 Bf5+ 50. Rc2 Qb3+ 51. Ka1 Qa3+ 52. Ra2 Qc3+
53. Rb2 Qxe1+ 54. Ka2 Be6+ 55. Rb3 Qf2+ 56. Ka3 b4+ 57. Kxb4 Qf4+ 58. Ka3 Qc1+
59. Kb4 Qc4+ 0-1

[Event "XIV C.to Italiano U20"]
[Site "Bratto - Castione della Presolana ITA"]
[Date "2006.08.19"]
[Round "1"]
[White "Bosi, Clint"]
[Black "Cocuzzi, Edoardo"]
[Result "1-0"]
[WhiteElo "2050"]
[BlackElo "1689"]
[PlyCount "31"]
[EventDate "2006.08.19"]

1. e4 e5 2. Nf3 Nc6 3. Bb5 a6 4. Ba4 b5 5. Bb3 Bc5 6. Nxe5 Bxf2+ 7. Kxf2 Nxe5
8. Rf1 Qh4+ 9. Kg1 d6 10. d4 Bg4 11. Qd2 Nc4 12. Qf4 Qh5 13. Nc3 Ne7 14. a4 Bd7
15. axb5 Bxb5 16. Nxb5 1-0

[Event "XIV C.to Italiano U20"]
[Site "Bratto - Castione della Presolana ITA"]
[Date "2006.08.19"]
[Round "1"]
[White "Cantu', Guido"]
[Black "Stromboli, Carlo"]
[Result "0-1"]
[WhiteElo "1842"]
[BlackElo "2196"]
[PlyCount "80"]
[EventDate "2006.08.19"]

1. e4 e5 2. Nf3 Nc6 3. d4 exd4 4. Nxd4 Bb4+ 5. c3 Be7 6. Be3 Nf6 7. Nd2 O-O 8.
Bd3 Ne5 9. N2f3 Nxd3+ 10. Qxd3 d6 11. O-O Re8 12. Rfe1 h6 13. Nf5 Bxf5 14. exf5
d5 15. Rad1 c6 16. Bf4 Bd6 17. Rxe8+ Nxe8 18. Bxd6 Qxd6 19. Re1 Nf6 20. h3 b6
21. Re3 Rd8 22. Qe2 Kf8 23. g4 Ne4 24. Nd2 Nc5 25. b4 Nd7 26. g5 hxg5 27. Qh5
Qh6 28. Qe2 Nf6 29. Qa6 d4 30. Qd3 dxe3 31. Qxd8+ Ne8 32. fxe3 g4 33. hxg4
Qxe3+ 34. Kg2 Qxc3 35. Ne4 Qxb4 36. Kf3 Qe7 37. Qd2 Qe5 38. Qg5 c5 39. Qh4 c4
40. Qh8+ Ke7 0-1

[Event "XIV C.to Italiano U20"]
[Site "Bratto - Castione della Presolana ITA"]
[Date "2006.08.19"]
[Round "1"]
[White "Caruana, Fabiano"]
[Black "Dini, Andrea"]
[Result "1-0"]
[WhiteElo "2444"]
[BlackElo "1930"]
[PlyCount "63"]
[EventDate "2006.08.19"]

1. e4 c5 2. Nf3 d6 3. d4 cxd4 4. Nxd4 Nf6 5. Nc3 g6 6. Be3 Bg7 7. f3 O-O 8. Qd2
Nc6 9. O-O-O d5 10. exd5 Nxd5 11. Nxc6 bxc6 12. Bd4 e5 13. Bc5 Qc7 14. Bxf8
Bxf8 15. Bc4 Be6 16. Nxd5 cxd5 17. Bb3 Rc8 18. Kb1 h5 19. h4 Be7 20. g4 hxg4
21. h5 g5 22. fxg4 Kh7 23. Rhf1 Rd8 24. Qg2 Qc5 25. c3 Kh8 26. Rd2 e4 27. Rfd1
Bf6 28. h6 Be5 29. Qh3 Bf4 30. Rd4 e3 31. Rxf4 gxf4 32. Qh4 1-0

[Event "XIV C.to Italiano U20"]
[Site "Bratto - Castione della Presolana ITA"]
[Date "2006.08.19"]
[Round "1"]
[White "Coladangelo, Andrea"]
[Black "Andreoni, Giuseppe"]
[Result "1/2-1/2"]
[WhiteElo "1548"]
[BlackElo "2003"]
[PlyCount "35"]
[EventDate "2006.08.19"]

1. e4 c5 2. Nf3 d6 3. d4 cxd4 4. Nxd4 Nf6 5. Nc3 a6 6. Bg5 e6 7. f4 Nbd7 8. Qf3
Qc7 9. O-O-O Be7 10. g4 b5 11. Bxf6 Nxf6 12. g5 Nd7 13. f5 Nc5 14. f6 gxf6 15.
gxf6 Bf8 16. Rg1 h5 17. Re1 Bb7 18. Bh3 1/2-1/2

[Event "XIV C.to Italiano U20"]
[Site "Bratto - Castione della Presolana ITA"]
[Date "2006.08.19"]
[Round "1"]
[White "De Filomeno, Simone"]
[Black "Pomaro, Alberto"]
[Result "0-1"]
[WhiteElo "1687"]
[BlackElo "2046"]
[PlyCount "116"]
[EventDate "2006.08.19"]

1. e4 e6 2. d4 d5 3. exd5 exd5 4. Nf3 Bd6 5. Bd3 Nf6 6. O-O O-O 7. Bg5 Bg4 8.
Nbd2 Nbd7 9. c3 c6 10. Qc2 Qc7 11. Rfe1 h6 12. Bh4 Rfe8 13. Bg3 Nh5 14. Bxd6
Qxd6 15. h3 Be6 16. Ne5 Nxe5 17. Rxe5 Nf4 18. Rae1 Nxd3 19. Qxd3 Bd7 20. Rxe8+
Rxe8 21. Rxe8+ Bxe8 22. Qe3 Bd7 23. Qg3 Qxg3 24. fxg3 h5 25. Kf2 f6 26. Kf3 Kf7
27. b4 Ke7 28. Ke3 Kd6 29. Nb3 Bf5 30. Nc5 b6 31. Nd3 g5 32. h4 Be4 33. hxg5
fxg5 34. Ne5 Bxg2 35. Nf7+ Ke6 36. Nxg5+ Kf5 37. Nf7 Bf1 38. a4 Ke6 39. Ne5 Kd6
40. Kf4 a5 41. Kg5 Be2 42. Ng6 c5 43. bxa5 bxa5 44. Nf4 Bd1 45. Nd3 Bxa4 46.
Nxc5 Bd1 47. Nb7+ Kc6 48. Nxa5+ Kb6 49. c4 Kxa5 50. cxd5 Kb6 51. Kf6 Kc7 52.
Ke7 Bg4 53. d6+ Kc6 54. d5+ Kxd5 55. d7 Bxd7 56. Kxd7 Ke4 57. Ke6 Kf3 58. Ke5
Kxg3 0-1

[Event "XIV C.to Italiano U20"]
[Site "Bratto - Castione della Presolana ITA"]
[Date "2006.08.19"]
[Round "1"]
[White "De Nisi, Mario"]
[Black "Mereu, Matteo"]
[Result "1-0"]
[WhiteElo "1974"]
[BlackElo "1497"]
[PlyCount "49"]
[EventDate "2006.08.19"]

1. c4 b5 2. d4 bxc4 3. e4 Bb7 4. Nc3 Nf6 5. d5 e6 6. Bxc4 Bb4 7. Qb3 Na6 8. f3
exd5 9. exd5 Qe7+ 10. Kd1 O-O-O 11. Nge2 c6 12. Bg5 Rhe8 13. Ne4 h6 14. Bxf6
gxf6 15. a3 Bc5 16. Qd3 Nb8 17. d6 Qe5 18. Rc1 Bb6 19. b4 f5 20. N4g3 Re6 21.
Nxf5 c5 22. bxc5 Bxc5 23. f4 Qxf5 24. Qxf5 Rxd6+ 25. Bd3 1-0

[Event "XIV C.to Italiano U20"]
[Site "Bratto - Castione della Presolana ITA"]
[Date "2006.08.19"]
[Round "1"]
[White "Dvirnyy, Danyyil"]
[Black "Regorda, Massimiliano"]
[Result "1-0"]
[WhiteElo "2280"]
[BlackElo "1882"]
[PlyCount "70"]
[EventDate "2006.08.19"]

1. e4 e5 2. Nf3 Nc6 3. Bb5 a6 4. Ba4 Nf6 5. O-O d6 6. d4 b5 7. Bb3 Bg4 8. c3
exd4 9. cxd4 Bxf3 10. gxf3 Na5 11. Bc2 c5 12. Nc3 Be7 13. dxc5 dxc5 14. e5 Nd7
15. f4 Nb6 16. Qg4 g6 17. f5 Qd4 18. Be4 Rd8 19. f6 Bf8 20. Rd1 Qxe5 21. Bf4
Qe6 22. Qxe6+ fxe6 23. Bc7 Rxd1+ 24. Rxd1 Nac4 25. b3 Nd5 26. Nxd5 exd5 27.
Bxd5 Kd7 28. Bg3 Nd6 29. Be5 h5 30. h4 Nf5 31. Bg8+ Kc6 32. f7 Rh6 33. Rd8 Be7
34. f8=Q Bxf8 35. Rxf8 Nxh4 1-0

[Event "XIV C.to Italiano U20"]
[Site "Bratto - Castione della Presolana ITA"]
[Date "2006.08.19"]
[Round "1"]
[White "Finocchiaro, Gianluca"]
[Black "Gilardi, Davide"]
[Result "1-0"]
[WhiteElo "1986"]
[BlackElo "1518"]
[PlyCount "99"]
[EventDate "2006.08.19"]

1. e4 c5 2. c3 e6 3. d4 d5 4. exd5 exd5 5. Nf3 Nf6 6. Bb5+ Bd7 7. Bxd7+ Nbxd7
8. O-O Be7 9. h3 O-O 10. Bf4 c4 11. Nbd2 b5 12. Ne5 Nxe5 13. dxe5 Nd7 14. Nf3
Nc5 15. Nd4 Qd7 16. Bh2 Nd3 17. Qe2 Nc5 18. b4 Ne4 19. Qc2 g6 20. Rad1 a5 21.
f3 Ng5 22. f4 Ne6 23. a3 axb4 24. axb4 Nxd4 25. Rxd4 Qa7 26. Kh1 Rfd8 27. Rfd1
Qb6 28. Rxd5 Rxd5 29. Rxd5 Ra1+ 30. Rd1 Rxd1+ 31. Qxd1 Qd8 32. Qxd8+ Bxd8 33.
Bg1 Bh4 34. g4 Bg3 35. Be3 Be1 36. Bd4 Bd2 37. f5 Kf8 38. Kg2 Ke7 39. Kf3 Kd7
40. Ke4 Kc6 41. e6 fxe6 42. fxe6 Bg5 43. Bc5 Bf6 44. Bd4 Bg5 45. Ke5 Be7 46.
Be3 Bh4 47. g5 Be1 48. Bd4 Bd2 49. Kf6 Kd6 50. Bc5+ 1-0

[Event "XIV C.to Italiano U20"]
[Site "Bratto - Castione della Presolana ITA"]
[Date "2006.08.19"]
[Round "1"]
[White "Fossati, Remigio"]
[Black "Romano, Zeno"]
[Result "1-0"]
[WhiteElo "2203"]
[BlackElo "1862"]
[PlyCount "83"]
[EventDate "2006.08.19"]

1. d4 d5 2. c4 e6 3. Nc3 Nf6 4. cxd5 exd5 5. Bg5 Be7 6. e3 O-O 7. Bd3 c6 8. Qc2
Nbd7 9. Nge2 Re8 10. O-O Nf8 11. f3 Qb6 12. Kh1 h6 13. Bh4 Be6 14. Bf2 Qc7 15.
a3 Rad8 16. b4 b6 17. Rfc1 Qd7 18. Qd2 Bd6 19. e4 dxe4 20. fxe4 Bb8 21. Bg1 Bg4
22. e5 Nd5 23. Nxd5 Qxd5 24. Nf4 Qd7 25. Be4 Rxe5 26. Bxc6 Qd6 27. Qb2 Rf5 28.
Nd3 Rh5 29. Ne5 Be6 30. Bf3 Rf5 31. Rc6 Qe7 32. Re1 Bxe5 33. dxe5 Bd5 34. Bxd5
Rxd5 35. Bd4 Ng6 36. e6 f6 37. Qc3 Ne5 38. Rc8+ Kh7 39. Qc2 Ng6 40. Rc7 Qe8 41.
e7 Nh4 42. Rc8 1-0

[Event "XIV C.to Italiano U20"]
[Site "Bratto - Castione della Presolana ITA"]
[Date "2006.08.19"]
[Round "1"]
[White "Fratino, Lorenzo"]
[Black "Rombaldoni, Denis"]
[Result "0-1"]
[WhiteElo "1901"]
[BlackElo "2348"]
[PlyCount "40"]
[EventDate "2006.08.19"]

1. e4 c6 2. d4 d5 3. Nc3 dxe4 4. Nxe4 Nf6 5. Nxf6+ exf6 6. Bc4 Qe7+ 7. Qe2 Bg4
8. Qxe7+ Bxe7 9. Ne2 O-O 10. O-O Nd7 11. Re1 Nb6 12. Bd3 Rfe8 13. Bd2 Rad8 14.
f3 Be6 15. Rad1 Na4 16. Bc1 b5 17. d5 Bc5+ 18. Kf1 Bxd5 19. Nf4 Bxa2 20. b3 Nc3
0-1

[Event "XIV C.to Italiano U20"]
[Site "Bratto - Castione della Presolana ITA"]
[Date "2006.08.19"]
[Round "1"]
[White "Lai, Luca"]
[Black "Lain, Luigi"]
[Result "0-1"]
[WhiteElo "1877"]
[BlackElo "2254"]
[PlyCount "38"]
[EventDate "2006.08.19"]

1. e4 e5 2. f4 exf4 3. Nf3 Nf6 4. e5 Nh5 5. d4 d5 6. c4 Bg4 7. Nc3 Bb4 8. Bd2
Bxc3 9. Bxc3 Nd7 10. cxd5 O-O 11. Bd3 Nb6 12. Qe2 Nxd5 13. O-O-O a5 14. Be1 g6
15. h3 Be6 16. Bh4 Qd7 17. g4 fxg3 18. Rhg1 Nhf4 19. Qe1 Qc6+ 0-1

[Event "XIV C.to Italiano U20"]
[Site "Bratto - Castione della Presolana ITA"]
[Date "2006.08.19"]
[Round "1"]
[White "Mora, Lorenzo"]
[Black "Stromboli, Ettore"]
[Result "0-1"]
[WhiteElo "1871"]
[BlackElo "2224"]
[PlyCount "60"]
[EventDate "2006.08.19"]

1. e4 e6 2. d3 d5 3. Nd2 Nf6 4. Ngf3 b6 5. g3 Bb7 6. Qe2 Be7 7. Bg2 c5 8. O-O
Nc6 9. e5 Nd7 10. Re1 Qc7 11. Nf1 h6 12. h4 O-O-O 13. Bf4 Rdg8 14. Qd2 Qd8 15.
h5 g5 16. hxg6 fxg6 17. g4 g5 18. Bg3 Qf8 19. c3 h5 20. gxh5 Rxh5 21. a3 g4 22.
N3h2 Ndxe5 23. d4 Nf3+ 24. Bxf3 gxf3 25. Rxe6 Qf5 26. Re3 Qh3 27. Rxf3 Ba6 28.
Qf4 Ne5 29. Qxe5 Rxe5 30. dxe5 d4 0-1

[Event "XIV C.to Italiano U20"]
[Site "Bratto - Castione della Presolana ITA"]
[Date "2006.08.19"]
[Round "1"]
[White "Navarro, Stefano"]
[Black "Battistelli, Alessandro"]
[Result "1-0"]
[WhiteElo "2224"]
[BlackElo "1872"]
[PlyCount "53"]
[EventDate "2006.08.19"]

1. e4 e6 2. d3 d5 3. Nd2 Bc5 4. Ngf3 Nc6 5. c3 d4 6. Nb3 Bb6 7. Nbxd4 Nxd4 8.
Nxd4 Bxd4 9. Qa4+ c6 10. cxd4 b5 11. Qb4 a5 12. Qc5 Qd7 13. Be2 Ne7 14. Bg5 f6
15. Bh5+ Kf8 16. Bf4 Bb7 17. O-O Rd8 18. Be3 g6 19. Be2 Kg7 20. a4 Ra8 21. f4
b4 22. Bg4 f5 23. Bf3 h5 24. Qe5+ Kf7 25. Rac1 Rhc8 26. Rc5 Qd8 27. Bf2 1-0

[Event "XIV C.to Italiano U20"]
[Site "Bratto - Castione della Presolana ITA"]
[Date "2006.08.19"]
[Round "1"]
[White "Palmitessa, Andrea"]
[Black "Locci, Damiano"]
[Result "0-1"]
[WhiteElo "1512"]
[BlackElo "1976"]
[PlyCount "138"]
[EventDate "2006.08.19"]

1. e4 g6 2. Nf3 Bg7 3. d4 d6 4. Be3 a6 5. Bd3 Nd7 6. c3 b6 7. Nbd2 Bb7 8. Qb3
e6 9. Bg5 Ne7 10. O-O O-O 11. Rfe1 h6 12. Bh4 Re8 13. Rad1 c6 14. Nc4 Qc7 15.
Bg3 Nc8 16. e5 d5 17. Ne3 c5 18. Qc2 cxd4 19. cxd4 Qxc2 20. Bxc2 Ne7 21. Bb3
Nc6 22. a3 Rac8 23. Rc1 Na5 24. Ba2 b5 25. b3 Bf8 26. b4 Rxc1 27. Rxc1 Nc4 28.
Rc3 Rc8 29. Nc2 Ncxe5 30. Rxc8 Nxf3+ 31. gxf3 Bxc8 32. Bc7 Bg7 33. f4 Nf6 34.
Kg2 Ne4 35. Bb3 Bf6 36. Be5 Be7 37. f3 Nd2 38. Ba2 Nc4 39. Kf2 f6 40. Bc7 Bd6
41. Bxd6 Nxd6 42. Bb3 Nc4 43. a4 Nd2 44. Ba2 bxa4 45. Ke2 Nc4 46. Bxc4 dxc4 47.
Kd2 Bd7 48. Kc3 Bb5 49. Ne3 Kf7 50. Ng4 h5 51. Ne3 Ke7 52. Ng2 Bc6 53. Ne3 Bxf3
54. Nxc4 g5 55. fxg5 fxg5 56. Nb2 Bc6 57. Nd3 Kf6 58. Nc5 Bb5 59. Ne4+ Kf5 60.
Nc5 g4 61. Kd2 h4 62. Ke3 a3 63. Nb3 Bc4 64. Na1 a2 65. Nc2 Bb3 66. Na1 Bd5 67.
Nc2 g3 68. hxg3 h3 69. Kf2 h2 0-1

[Event "XIV C.to Italiano U20"]
[Site "Bratto - Castione della Presolana ITA"]
[Date "2006.08.19"]
[Round "1"]
[White "Parodi, Alessandro"]
[Black "Ronchetti, Niccolo'"]
[Result "0-1"]
[WhiteElo "1918"]
[BlackElo "2421"]
[PlyCount "72"]
[EventDate "2006.08.19"]

1. d4 Nf6 2. c4 Nc6 3. Nc3 e5 4. d5 Ne7 5. e4 Ng6 6. Nf3 Bb4 7. Bd3 Bxc3+ 8.
bxc3 d6 9. O-O O-O 10. Qc2 h6 11. a4 a5 12. Kh1 b6 13. Ng1 Nd7 14. Ne2 Nc5 15.
f4 exf4 16. Bxf4 Ne5 17. Bxe5 dxe5 18. Ng3 Bd7 19. Be2 g6 20. Qd1 Qe8 21. Rf6
Kg7 22. Qf1 Qe7 23. Rf2 Nxa4 24. Rc1 Nc5 25. Bf3 Qg5 26. Rd1 Qe7 27. Rfd2 Rfd8
28. Rb1 a4 29. d6 cxd6 30. Rxb6 Be6 31. Nf5+ gxf5 32. exf5 e4 33. fxe6 exf3 34.
Qxf3 Qxe6 35. Qg3+ Qg6 36. Qf4 a3 0-1